NBA 2018-19 Biggest Salaries By Team - Statistics

General Stats
  • This quiz has been taken 271 times
  • The average score is 17 of 30
Answer Stats
Player Team Salaries % Correct
Stephen Curry Golden State Warriors $37,457,154
100%
LeBron James Los Angeles Lakers $35,654,150
99%
Russell Westbrook Oklahoma City Thunder $35,654,150
98%
Chris Paul Houston Rockets $35,654,150
91%
Blake Griffin Detroit Pistons $32,088,932
86%
Damian Lillard Portland Trail Blazers $27,977,689
84%
Kyle Lowry Toronto Raptors $31,200,000
80%
Giannis Antetokounmpo Milwaukee Bucks $24,157,304
77%
DeMar DeRozan San Antonio Spurs $27,739,975
74%
Joel Embiid Philadelphia 76ers $25,467,250
72%
Rudy Gobert Utah Jazz $23,241,573
68%
Kevin Love Cleveland Cavaliers $24,119,025
66%
Mike Conley Memphis Grizzlies $30,521,116
66%
Gordon Hayward Boston Celtics $31,214,295
64%
Andrew Wiggins Minnesota Timberwolves $25,467,250
57%
Paul Millsap Denver Nuggets $29,730,769
53%
Victor Oladipo Indiana Pacers $21,000,000
53%
Jrue Holiday New Orleans Pelicans $25,976,111
49%
Hassan Whiteside Miami Heat $25,434,263
46%
Aaron Gordon Orlando Magic $21,590,909
44%
Otto Porter Washington Wizards $26,011,913
40%
Harrison Barnes Dallas Mavericks $24,107,258
34%
Nicolas Batum Charlotte Hornets $24,000,000
33%
Danilo Gallinari Los Angeles Clippers $21,587,579
30%
Jabari Parker Chicago Bulls $20,000,000
21%
Zach Randolph Sacramento Kings $11,692,308
19%
Enes Kanter New York Knicks $18,622,514
16%
Kent Bazemore Atlanta Hawks $18,089,887
15%
Allen Crabbe Brooklyn Nets $18,500,000
10%
Ryan Anderson Phoenix Suns $20,421,546
10%
No matching quizzes found
Score Distribution
Percent of People with Each Score
Percentile by Number Answered
Your Score History
You have not taken this quiz